| 000 | 02065nam a22004457a 4500 | ||
|---|---|---|---|
| 005 | 20160317143648.0 | ||
| 008 | 160317b2012 ag ao fr|||| 001 0 spa d | ||
| 020 | _a9789875212343 | ||
| 040 |
_aCO-BoIAVH _cCO-BoIAVH |
||
| 041 | 0 | _aspa | |
| 044 | _aag | ||
| 082 | 0 | 4 |
_a333.7 _bZ13m |
| 100 | 1 | _aZaccagnini, María Elena | |
| 245 | 1 | 0 |
_aMonitoreo ambiental rural : _buna guía de herramientas seguir y entender el estado y tendencias de los recursos naturales, la biodiversidad y la calidad de vida en campos bajo producción agropecuaria, utilizando métodos sencillos, mínima inversión de tiempo y dinero / _cMaría Elena Zaccagnini [y otros 13] |
| 246 |
_aMonitoreo ambiental rural : _bversión ampliada y revisada de monitoreo ambiental en establecimientos agropecuarios 2007 |
||
| 246 | _aMonitoreo ambiental en establecimientos agropecuarios | ||
| 250 | _aSegunda edición | ||
| 260 |
_aBuenos Aires : _bInstituto Nacional de Tecnología Agropecuaria - INTA, _c2012. |
||
| 300 |
_a10, 3, 36, 28, 38, 32, 18, 34, 30, 30, 1, 5, 14, 12 páginas con numeración varia : _bilustraciones y fotografías a color ; _c19 x 30 centímetros |
||
| 500 | _aRecurso con 291 páginas con numeración varia. | ||
| 650 | 6 | _aRecursos nautrales | |
| 650 | 6 |
_aRecursos naturales _xmonitoreo |
|
| 650 | 6 |
_aFauna _xmonitoreo |
|
| 650 | 6 |
_aFlora _xmonitoreo |
|
| 650 | 6 |
_aSuelo _xmonitoreo |
|
| 700 | 1 |
_aDecarre, Julieta _eautora |
|
| 700 | 1 |
_aGoijman, Andrea _eautora |
|
| 700 | 1 |
_aSuárez, Romina _eautora |
|
| 700 | 1 |
_aSolari, Laura _eautora |
|
| 700 | 1 |
_ade Carli, Ricardo _eautor |
|
| 700 | 1 |
_aCalamari, Noelia _eautora |
|
| 700 | 1 |
_aBernardos, Jaime _eautor |
|
| 700 | 1 |
_aPanigatti, José Luis _eautora |
|
| 700 | 1 |
_aVitti, Daniela _eautora |
|
| 700 | 1 |
_aSalto, César _eautor |
|
| 700 | 1 |
_aLuiselli, Silvia _eautora |
|
| 700 | 1 |
_aCarmona, Dora _eautora |
|
| 700 | 1 |
_aCanevari, Marcelo _eautor |
|
| 942 |
_2ddc _cLIBRO |
||
| 999 |
_c18243 _d18243 |
||